| 000 | 01034nam a2200313 a 4500 | ||
|---|---|---|---|
| 001 | 67141 | ||
| 003 | BD-RjUL | ||
| 005 | 20211209081623.0 | ||
| 008 | 170322s1997 nyuab 001 0 eng | ||
| 020 | _a0521452953(hb) | ||
| 020 | _a0521459184 (pbk.) | ||
| 035 | _a(BD-RjUL)67272 | ||
| 040 |
_aDLC _cDLC _dBD-RjUL _beng |
||
| 041 | _aeng | ||
| 082 | 0 | 0 |
_a581.38 _223 _bBRP 1997 |
| 100 | 1 |
_aBriggs, D. _q(David), _9198893 |
|
| 245 | 1 | 0 |
_aPlant variation and evolution / _cD. Briggs & S.M. Walters. |
| 250 | _a3rd ed. | ||
| 260 |
_aNew York : _bCambridge University Press, _cc1997. |
||
| 300 |
_axiv, 512 p. : _bill. ; _c24 cm. |
||
| 500 | _aIncludes Indexes. | ||
| 650 | 0 |
_aPlants _xVariation. _9198894 |
|
| 650 | 0 |
_aPlants _xEvolution. _935272 |
|
| 700 | 1 |
_aWalters, S. M. _d(Stuart Max) _9198895 |
|
| 856 | 4 | 2 |
_3Publisher description _uhttp://www.loc.gov/catdir/description/cam028/96039293.html |
| 856 | 4 | 1 |
_3Table of contents _uhttp://www.loc.gov/catdir/toc/cam029/96039293.html |
| 942 |
_2ddc _cBK |
||
| 999 |
_c67141 _d67141 |
||